书目信息 |
| 题名: |
力学的物理基础
|
|
| 作者: | 哈依金 , Хайкйн , Хайкйн 著 ;应知言 译 | |
| 分册: | 下册 | |
| 出版信息: | 北京 高等教育出版社 1982.10 |
|
| 页数: | 415页 | |
| 开本: | 21cm | |
| 丛书名: | ||
| 单 册: | ||
| 中图分类: | O369 | |
| 科图分类: | ||
| 主题词: | 物理力学 | |
| 电子资源: | ||
| ISBN: | ||
| 000 | 00952nam0 2200301 45 | |
| 001 | 0180005555 | |
| 005 | 20040917170558.2 | |
| 010 | @dCNY2.00 | |
| 091 | @a13010.0822 | |
| 100 | @a19950808f19821982em y0chiy0121 ea | |
| 101 | 1 | @achi@crus |
| 102 | @aCN@b110000 | |
| 105 | @ay z 000yy | |
| 106 | @ar | |
| 200 | 10 | @a力学的物理基础@h下册@Ali xue de wu li ji chu@f(苏)С.Э.Хайкйн著@F(Su)С.Э.ХайкйнZhu@g应知言等译 |
| 210 | @a北京@c高等教育出版社@d1982.10 | |
| 215 | @a415页@d21cm | |
| 300 | @a书名原文:Физические основы механики | |
| 510 | 1 | @aФизические основы механики@zrus |
| 606 | @a物理力学 | |
| 690 | @aO369@v3 | |
| 701 | 1 | @a哈依金@Aha yi jin@bС.Э.@4著 |
| 701 | A1 | @aХайкйн@bС.Э.@4著 |
| 701 | 0 | @aХайкйн@4著 |
| 702 | 0 | @a应知言@Aying zhi yan@4译 |
| 801 | 0 | @aCN@b上海图书馆@c20040518 |
| 801 | 2 | @aCN@bNLC@c20040518 |
| 905 | @dO369@e1:2@f1@b102509 | |
| 力学的物理基础.下册/(苏)С.Э.Хайкйн著/应知言等译.-北京:高等教育出版社,1982.10 |
| 415页;21cm |
| 书名原文:Физические основы механики |
| ISBN :CNY2.00 |
| ● |
| 相关链接 |
|
|
|
|
正题名:力学的物理基础
索取号:O369/1:2
 
预约/预借
| 序号 | 登录号 | 条形码 | 馆藏地/架位号 | 状态 | 备注 |
| 1 | 0102508 | 000386497 | 第三借阅区/ [索取号:O369/1:2] | 在馆 | |
| 2 | 0102509 | 001959517 | 第三借阅区/ [索取号:O369/1:2] | 在馆 | |
| 3 | 0102510 | 000386488 | 第二样本阅览室/ [索取号:O369/1:2] | 在馆 |